000 01347nam a2200373Ii 4500
001 DIGUOCAT0080
003 NyNyDIG
008 141201s2002 sp a ob 000 0 spa d
006 m o d
007 cr |||||||||||
035 _a(OCoLC)992090820
040 _aDGITA
_beng
_erda
_epn
_cDGITA
020 _a8484297071
_q(eBook)
020 _a9788484297079
_q(eBook)
050 1 4 _aHD37.S66 eBook
100 1 _aGil, María de los Ángeles,
_eauthor.
245 1 3 _aLa dirección de la empresa /
_cM. de los Ángeles Gil Estallo.
264 1 _a[Barcelona] :
_bUOC, la universidad virtual,
_c[2002]
300 _a1 online resource (34 pages) :
_billustrations.
336 _atext
_btxt
_2rdacontent
337 _acomputer
_bc
_2rdamedia
338 _aonline resource
_bcr
_2rdacarrier
588 0 _aOnline resource; title from PDF title page (Digitalia, viewed December 29, 2014)
504 _aIncludes bibliographical references (page 34).
500 _aOn cover: "1 crédito, P00/71006/00145"
650 0 _aIndustrial management.
650 0 _aExecutives.
655 0 _aElectronic books.
791 2 _aDigitalia (Firm),
_edistributor.
793 0 _gDigitalia eBook Collection:
_aUOC Papers
856 4 0 _3Digitalia Hispánica
_uhttps://www.digitaliapublishing.com/a/6175/
910 _aPremium Collection: 2014
942 _cRAA
999 _c231408
_d231408